Представление документа в формате RUSMARC

Поле Инд. ПП Название Значение
Тип записи a
Библиографический уровень a
001 Контрольный номер 19bc7a2bbf6147d0ab4aff4c540af1ea
005 Дата корректировки 20181126135659.3
100 a Данные общей обработки 20181126 ||| 0rusy0189 ca
101 0_ a Язык текста rus
102 a Страна публикации RU
200 1_ f Первые сведения об ответственности В.Н. Ивакин
a Заглавие О некоторых вопросах правового регулирования представительства в административном судопроизводстве
b Общее обозначение материала Текст
210 1_ d Дата издания 2017
461 _0 1 2000
a Администратор суда
463 _0 1 2000
a № 1
v С. 17-20
1 2101
d 2017
1 001ddbf20e0809440129d84cb2b478f2acc
606 a Основная рубрика Гражданское процессуальное право
610 0_ a Ключевые слова АДМИНИСТРАТИВНОЕ СУДОПРОИЗВОДСТВО
a Ключевые слова ПРЕДСТАВИТЕЛЬСТВО
700 _1 a Фамилия Ивакин
b Имя В.Н.
801 _0 a Страна RU
b Организация РГУП
c Дата составления 20181126
g Правила каталогизации PSBO
801 _1 a Страна RU
b Организация РГУП
c Дата составления 20181126
g Правила каталогизации PSBO
901 t Тип документа b
w Контрольный № источника ddbf20e0809440129d84cb2b478f2acc
905 a Дата ввода 20181126